ბათუმის შოთა რუსთაველის სახელმწიფო უნივერსიტეტის ბიბლიოთეკა

Case Studies in Medical Imaging: (ბიბ.ჩანაწერი № 61696)

000 -LEADER
fixed length control field 00898nam a22002297a 4500
005 - DATE AND TIME OF LATEST TRANSACTION
control field 20240418105327.0
008 - FIXED-LENGTH DATA ELEMENTS--GENERAL INFORMATION
fixed length control field 240418s2006 enk||||| |||| 00| 0 eng d
020 ## - INTERNATIONAL STANDARD BOOK NUMBER
International Standard Book Number 9780521682947x
041 ## - LANGUAGE CODE
Language code of text/sound track or separate title eng
080 ## - UNIVERSAL DECIMAL CLASSIFICATION NUMBER
Universal Decimal Classification number 616.075 A-27
100 ## - MAIN ENTRY--PERSONAL NAME
Personal name Ahuja, A. T.
9 (RLIN) 21848
245 ## - TITLE STATEMENT
Title Case Studies in Medical Imaging:
Remainder of title Radiology for Students and Trainees /
Statement of responsibility, etc. Edited A. T. Ahuja, G. E. Antonio, K. T. Wong, H. Y. Yuen.
264 ## - PRODUCTION, PUBLICATION, DISTRIBUTION, MANUFACTURE, AND COPYRIGHT NOTICE
Place of production, publication, distribution, manufacture Cambridge :
Name of producer, publisher, distributor, manufacturer ‎Cambridge University Press,
Date of production, publication, distribution, manufacture, or copyright notice 2006.
300 ## - PHYSICAL DESCRIPTION
Extent 488 p.:
Other physical details ill.;
Dimensions 23 cm.
653 ## - INDEX TERM--UNCONTROLLED
keyword რადიოლოგია
653 ## - INDEX TERM--UNCONTROLLED
keyword მედიცინა
700 ## - ADDED ENTRY--PERSONAL NAME
Personal name Ahuja, A. T.
Relator term რედაქტორი
9 (RLIN) 21849
700 ## - ADDED ENTRY--PERSONAL NAME
Personal name Antonio, G. E.
Relator term რედაქტორი
9 (RLIN) 21850
700 ## - ADDED ENTRY--PERSONAL NAME
Personal name Wong, K. T.
Relator term რედაქტორი
9 (RLIN) 21851
700 ## - ADDED ENTRY--PERSONAL NAME
Personal name Yuen, H. Y.
Relator term რედაქტორი
9 (RLIN) 21852
942 ## - ADDED ENTRY ELEMENTS (KOHA)
Source of classification or shelving scheme
Koha item type წიგნი
ეგზემპლარები
Withdrawn status Lost status Source of classification or shelving scheme Damaged status Not for loan Permanent Location Current Location Shelving location Date acquired Cost, normal purchase price Full call number Barcode Date last seen Copy number Price effective from Koha item type Public note
          ბათუმის შოთა რუსთაველის სახელმწიფო უნივერსიტეტის მთავარი ბიბლიოთეკა ბათუმის შოთა რუსთაველის სახელმწიფო უნივერსიტეტის მთავარი ბიბლიოთეკა წიგნსაცავი 2024-04-18 120.00 616.075 A-27 67851 2024-04-18 67851 2024-04-18 წიგნი 120 ლ.